| 000 | 00524nam a2200157 i 4500 | ||
|---|---|---|---|
| 001 | 46733 | ||
| 003 | ES-MaACL | ||
| 005 | 20230906161434.0 | ||
| 007 | t| | ||
| 008 | 030331s1955 sp ||||1| spa d | ||
| 245 | 0 | 0 |
_aLecciones sobre exploración ginecológica / _cpublicado bajo la dirección de Víctor Conill i Serra. |
| 260 |
_aBarcelona, etc. : _bLabor, _c1955 ( _fTall. Graf. Ibero-Americanos) |
||
| 300 |
_a151 p. : _bil. ; _c23 cm. |
||
| 700 | 0 |
_aCónill Serra, Víctor. _940185 |
|
| 852 |
_aES-MaACL _jD-175 _bR.37474 |
||
| 999 |
_c46733 _d46733 |
||